| 000 -ლიდერი |
| ფიქსირებული სიგრძის საკონტროლო ველი |
01538nam a2200265Ia 4500 |
| 001 - საკონტროლო ნომერი |
| საკონტროლო ველი |
22698 |
| 003 - საკონტროლო ნომრის იდენტიფიკატორი |
| საკონტროლო ველი |
GE_BSU |
| 005 - ბოლო ოპერაციის თარიღი და დრო |
| საკონტროლო ველი |
20230421160631.0 |
| 008 - ფიქსირებული სიგრძის მონაცემთა ელემენტები - ზოგადი ინფორმაცია |
| ფიქსირებული სიგრძის საკონტროლო ველი |
181216s||||||||xx |||||||||||||| ||und|| |
| 040 ## - კატალოგიზაციის წყარო |
| Transcribing agency |
GE_BSU |
| 041 ## - ენის კოდი |
| Language code of text/sound track or separate title |
geo |
| 080 ## - უნივერსალური ათობითი კლასიფიკაციის ინდექსი |
| Universal Decimal Classification number |
631(479.22)+334.732(479.22) ქ-43 |
| 100 ## - მთავარი ჩანაწერი - პიროვნების სახელი |
| Personal name |
ქეშელაშვილი, ომარ |
| 9 (RLIN) |
17733 |
| 245 ## - ცნობა სათაურის შესახებ |
| Title |
საქართველოს სოფლის მეურნეობის განვითარების პროგნოზი / |
| Statement of responsibility, etc |
ომარ ქეშელაშვილი, პაატა კოღუაშვილი ; სამეცნიერო რედაქტორი თ. კუნჭულია. |
| 264 ## - წარმოების, გამოცემის, დისტრიბუციის და სხვა ცნობები |
| გამოცემის, წარმოების, დისტრიბუციის... ადგილი |
თბილისი : |
| გამოცემის, წარმოების, დისტრიბუციის... სახელწოდება |
საარი, |
| გამოცემის, წარმოების, დისტრიბუციის... თარიღი |
2017. |
| 300 ## - ფიზიკური აღწერა |
| Extent |
60 გვ. ; |
| Dimensions |
20 სმ. |
| Accompanying material |
ცხრ. |
| 653 ## - INDEX TERM--UNCONTROLLED |
| Uncontrolled term |
კოოპერატიული საწარმოები საქართველოში |
| 653 ## - INDEX TERM--UNCONTROLLED |
| Uncontrolled term |
საქართველოს სოფლის მეურნეობის განვითარების პროგნოზი |
| 653 ## - INDEX TERM--UNCONTROLLED |
| Uncontrolled term |
სოფლის მეურნეობა |
| 653 ## - INDEX TERM--UNCONTROLLED |
| Uncontrolled term |
სოფლის მეურნეობის განვითარება საქართველოში |
| 700 ## - ADDED ENTRY--PERSONAL NAME |
| Personal name |
კოღუაშვილი, პაატა |
| Relator term |
ავტორი |
| 9 (RLIN) |
17734 |
| 700 ## - ADDED ENTRY--PERSONAL NAME |
| Personal name |
კუნჭულია, თ. |
| Relator term |
სამეცნიერო რექტორი |
| 9 (RLIN) |
7282 |
| 942 ## - ADDED ENTRY ELEMENTS (KOHA) |
| Koha item type |
წიგნი |
| Source of classification or shelving scheme |
|